00497 2200169 4500001002100000005001700021008004100038035002600079245009100105260003400196300002900230020002200259082001100281084001500292650000800307990001200315INLIS00000000000017820240612145255.0240612| ||| | ind  a 0010-06240000000017800aHimpunan Peraturan Kepegawaian tentang Gaji Baru PNS, Hakim, TNI/Polri Tahun 2009-2010 aJakarta :bTamita Utamac2010 ax, 546 halaman ;c21 cm. a978-979-26-5146-10 a348.02 a348.02 HIM 0aLaw a0000229